Normal view
MARC view
- تاليف بشايرة، محمد حسين واخرون؛ تحرير محمد حسين بشايرة
Entry Personal Name
001 - CONTROL NUMBER
- control field: 57385
003 - CONTROL NUMBER IDENTIFIER
- control field: JO-AjAnu
005 - DATE AND TIME OF LATEST TRANSACTION
- control field: 20230606083410.0
008 - FIXED-LENGTH DATA ELEMENTS
- fixed length control field: 230606|| aca||aabn | a|a d
040 ## - CATALOGING SOURCE
- Original cataloging agency: JO-AjAnu
- Transcribing agency: JO-AjAnu
100 ## - HEADING--PERSONAL NAME
- Personal name: تاليف بشايرة، محمد حسين واخرون؛ تحرير محمد حسين بشايرة
670 ## - SOURCE DATA FOUND
- Source citation: Work cat.: (JO-AjAnu)29278: تاليف بشايرة، محمد حسين واخرون؛ تحرير محمد حسين بشايرة, author, مشروع تيوننج الشرق الوسط وشمال أفريقيا: نقاط مرجعية لتصميم برامج جامعية في القانون وتنفيذها